| 000 | 01378cam a22003614a 4500 | ||
|---|---|---|---|
| 999 |
_c7006 _d7006 |
||
| 001 | 13258421 | ||
| 003 | GZU | ||
| 005 | 20210504114419.0 | ||
| 008 | 030701s2004 cau 000 0 eng | ||
| 010 | _a 2003109257 | ||
| 020 | _a0761941940 | ||
| 035 | _a(DLC) 2003109257 | ||
| 040 |
_aDLC _cDLC _dDLC |
||
| 042 | _apcc | ||
| 050 | 0 | 0 |
_aH62 CZA 2014 _b.C933 2004 |
| 100 | 1 | _aCzarniawska-Joerges, Barbara. | |
| 245 | 1 | 0 |
_aNarratives in social science research / _cBarbara Czarniawska. |
| 260 |
_aLondon ; _aThousand Oaks, Calif.: _bSage Publications, _c2004. |
||
| 300 |
_aix, 157 p. ; _c24 cm. |
||
| 440 | 0 | _aIntroducing qualitative methods | |
| 500 | _aIncludes glossary, references and index | ||
| 600 | _2Social science research | ||
| 650 | 0 |
_aSocial sciences _xResearch _xMethodology. |
|
| 650 | 0 |
_aSocial sciences _xMethodology. |
|
| 650 | 0 | _aDiscourse analysis, Narrative. | |
| 650 | 0 | _aStorytelling. | |
| 650 | 0 |
_aNarration (Rhetoric) _xSocial aspects. |
|
| 856 | 4 | 1 |
_3Table of contents only _uhttp://www.loc.gov/catdir/toc/fy046/2003109257.html |
| 856 | 4 | 2 |
_3Publisher description _uhttp://www.loc.gov/catdir/enhancements/fy0657/2003109257-d.html |
| 906 |
_a7 _bcbc _corignew _d2 _eepcn _f20 _gy-gencatlg |
||
| 942 |
_2lcc _cBK _h62 _iCZA _kH |
||